Hun Sen : (Record no. 8739)
[ view plain ]
| 000 -LEADER | |
|---|---|
| fixed length control field | 01812cam a2200409 a 4500 |
| 001 - CONTROL NUMBER | |
| control field | 8739 |
| 003 - CONTROL NUMBER IDENTIFIER | |
| control field | FISKH |
| 005 - DATE AND TIME OF LATEST TRANSACTION | |
| control field | 20251016140815.0 |
| 008 - FIXED-LENGTH DATA ELEMENTS--GENERAL INFORMATION | |
| fixed length control field | 000202s1999 si ab b 001 0beng |
| 010 ## - LIBRARY OF CONGRESS CONTROL NUMBER | |
| LC control number | 99912809 |
| 020 ## - INTERNATIONAL STANDARD BOOK NUMBER | |
| International Standard Book Number | 9812180745 |
| 020 ## - INTERNATIONAL STANDARD BOOK NUMBER | |
| International Standard Book Number | 9789812180742 |
| 035 ## - SYSTEM CONTROL NUMBER | |
| System control number | 11929531 |
| 035 ## - SYSTEM CONTROL NUMBER | |
| System control number | (DLC) 99912809 |
| 037 ## - SOURCE OF ACQUISITION | |
| Source of stock number/acquisition | Library of Congress -- Jakarta Overseas Office |
| Terms of availability | S[dollar]27.95 |
| 040 ## - CATALOGING SOURCE | |
| Original cataloging agency | DLC |
| Transcribing agency | DLC |
| Modifying agency | DLC |
| Language of cataloging | eng |
| 050 00 - LIBRARY OF CONGRESS CALL NUMBER | |
| Classification number | DS554.83.H86 |
| Item number | M44 1999 |
| 082 00 - DEWEY DECIMAL CLASSIFICATION NUMBER | |
| Classification number | 959.604/2/092 |
| -- | B |
| Edition number | 21 |
| 100 1# - MAIN ENTRY--PERSONAL NAME | |
| Personal name | Mehta, Harish C. |
| 245 10 - TITLE STATEMENT | |
| Title | Hun Sen : |
| Remainder of title | strongman of Cambodia / |
| Statement of responsibility, etc. | Harish C. Mehta and Julie B. Mehta. |
| 246 30 - VARYING FORM OF TITLE | |
| Title proper/short title | Strongman of Cambodia |
| 260 ## - PUBLICATION, DISTRIBUTION, ETC. | |
| Place of publication, distribution, etc. | Graham Bras : |
| Name of publisher, distributor, etc. | Graham Brash, |
| Date of publication, distribution, etc. | 1999. |
| 300 ## - PHYSICAL DESCRIPTION | |
| Extent | 287 pages : |
| Other physical details | color illustrations ; maps ; |
| Dimensions | 21 cm |
| 336 ## - CONTENT TYPE | |
| Content type term | text |
| Content type code | txt |
| Source | rdacontent |
| 337 ## - MEDIA TYPE | |
| Media type term | unmediated |
| Media type code | n |
| Source | rdamedia |
| 338 ## - CARRIER TYPE | |
| Carrier type term | volume |
| Carrier type code | nc |
| Source | rdacarrier |
| 504 ## - BIBLIOGRAPHY, ETC. NOTE | |
| Bibliography, etc. note | Includes bibliographical references (p. 269-280) and index. |
| 520 ## - SUMMARY, ETC. | |
| Summary, etc. | This is the first biography of a leader whose private life has until now been a closely guarded secret. But it is much more than an account of the life of Hun Sen -- it tells through his eyes the story of the emergence through slaughter of an innocent people. Essential reading for all those who are intrigued and bewildered by the complex recent history of Cambodia, and by the rapid rise of its new leader from obscurity to strongman status. |
| 600 00 - SUBJECT ADDED ENTRY--PERSONAL NAME | |
| Personal name | H'un Saen. |
| 650 #0 - SUBJECT ADDED ENTRY--TOPICAL TERM | |
| Topical term or geographic name entry element | Prime ministers |
| Geographic subdivision | Cambodia |
| Form subdivision | Biography. |
| 651 #0 - SUBJECT ADDED ENTRY--GEOGRAPHIC NAME | |
| Geographic name | Cambodia |
| General subdivision | Politics and government |
| Chronological subdivision | 1975- |
| 655 #7 - INDEX TERM--GENRE/FORM | |
| Genre/form data or focus term | Biographies. |
| Source of term | lcgft |
| Authority record control number or standard number | https://id.loc.gov/authorities/genreForms/gf2014026049 |
| 700 1# - ADDED ENTRY--PERSONAL NAME | |
| Personal name | Mehta, Julie B. |
| Relator term | Author |
| 906 ## - LOCAL DATA ELEMENT F, LDF (RLIN) | |
| a | 7 |
| b | cbc |
| c | origode |
| d | 3 |
| e | ncip |
| f | 19 |
| g | y-gencatlg |
| 942 ## - ADDED ENTRY ELEMENTS (KOHA) | |
| Source of classification or shelving scheme | Dewey Decimal Classification |
| Koha item type | Books |
| Suppress in OPAC | No |
| Withdrawn status | Lost status | Source of classification or shelving scheme | Damaged status | Not for loan | Collection | Home library | Current library | Shelving location | Date acquired | Total Checkouts | Full call number | Barcode | Date last seen | Copy number | Price effective from | Koha item type |
|---|---|---|---|---|---|---|---|---|---|---|---|---|---|---|---|---|
| Dewey Decimal Classification | Non-Fiction | Footprints International School Library Network Toul Kork Campus | Footprints International School Library Network Toul Kork Campus | A TK Campus, 4th Floor, Room B401, Non-Fiction Bookcases(7-8) | 10/16/2025 | MEH 959.604 DS554.H86 M44 | 2025-4587 | 10/16/2025 | 1 | 10/16/2025 | Books |
